The new social democracy (Record no. 8005)

MARC details
000 -BAŞLIK
Sabit Uzunlukta Kontrol Alanı 01908na a2200289 4500
001 - KONTROL NUMARASI
Denetim Alanı 13506
003 - KONTROL NUMARASI IDENTIFIER
Denetim Alanı MIRAKIL
005 - SON İŞLEM TARİHİ VE ZAMANI
Denetim Alanı 20181213155156.0
008 - SABİT-BOY VERİ ELEMANLARI - GENEL BİLGİLER
Sabit Uzunlukta Kontrol Alanı 160908b tu 000 0
020 ## - ULUSLARARASI STANDART KİTAP NUMARASI
Uluslararası Standart Kitap Numarası 0631217657
035 ## - SİSTEM KONTROL NUMARASI
Sistem Kontrol Numarası 13506
040 ## - KATALOGLAMA KAYNAK
Orijinal Kataloglama Ajansı Milas
Kataloglama Dili tur
Metne Dönüştürmek Ajansı TR-AnCHP
082 ## - DEWEY ONLU SINIFLANDIRMA NUMARASI
Sınıflandırma Numarası 335.5
Ürün Numarası N38 1999
090 ## - SINIFLAMA NUMARASI
Sınıflama Numarası 335.5 N38 1999
245 ## - BAŞLIK TABLOSU
Başlık The new social democracy
Sorumluluk Tablosu, Vb edited by Andrew Gamble and Tony Wright
260 ## - YAYIN, DAĞITIM, VB
Yayın, Dağıtım, Vb Yeri Malden
Yayıncı, Dağıtıcı, Vs Adı Blackwell Publishers
Yayın, Dağıtım, Vb Tarihi 1999
300 ## - FİZİKSEL TANIM
Kapsam viii, 185 s.
Boyutlar 25 sm.
504 ## - KAYNAKÇA VB NOT
Kaynakça Vb Notu Kaynakça ve dizin var.
505 ## - BİÇİMLENDİRİLDİ İÇİNDEKİLER NOT
Biçimlendirilmiş İçeriği Dikkat Introduction: the new social democracy / Andrew Gamble and Tony Wright -- Premature obsequies: social democracy comes in from the cold / David Marquand -- European social democracy and new labour: unity in diversity / Donald Sassoon -- European social democracy: convergence, divisions, and shared questions / Frank Vandenbroucke -- Ownership and social democracy / Gerald Holtham -- The parabola of working class politics / Colin Crouch -- Globalisation and social democracy / Paul Hirst -- New Keynesianism and new labour / Will Hutton -- A response to Will Hutton / Ruth Kelly --Environmental democracy / Michael Jacobs -- The helmsman and the cattle prod / Anna Coote -- Social democracy in a small country: political leadership or management consultancy? / James McCormick and Graham Leichester -- New approaches to the welfare state / Julian Le Grand -- True blood or false genealogy: new labour and British social democratic thought / Michael Freeden -- 'Rights and responsibilities': a social democratic perspective/ Stuart White.
650 ## - KONU KATMA GİRİŞ - TOPİKAL DÖNEM
Topikal Süreli Veya Coğrafi Ad Giriş Elemanı Sosyal devlet
Coğrafi Alt Bölümü Avrupa Birliği ülkeleri
650 ## - KONU KATMA GİRİŞ - TOPİKAL DÖNEM
Topikal Süreli Veya Coğrafi Ad Giriş Elemanı Sosyal demokrasi
Genel Alt Bölümü Avrupa Birliği ülkeleri
651 ## - KONU KATMA GİRİŞ - COĞRAFİ ADI
Coğrafi İsim Sosyalizm
Coğrafi Alt Bölümü Avrupa Birliği ülkeleri
651 ## - KONU KATMA GİRİŞ - COĞRAFİ ADI
Coğrafi İsim Avrupa Birliği ülkeleri
Genel Alt Bölümü Siyaset ve yönetim
700 ## - KATMA GİRİŞ - KİŞİSEL İSİM
Kişisel Ad Wright, Anthony
700 ## - KATMA GİRİŞ - KİŞİSEL İSİM
Kişisel Ad Gamble, Andrew
942 ## - EKLENDİ GİRİŞ ELEMANLARI (KOHA)
Sınıflandırma Veya Raf Düzeni Kaynak
Koha Öğesi Türü Books
999 ## - SİSTEM KONTROL NUMARALARI (KOHA)
Koha Biblionumber 8005
Koha Biblioitemnumber 8005
Holdings
Kalıcı Konum Mevcut Konum Edinme Tarihi Edinim Kaynak Toplam Check-Out'Lar Tam Çağrı Numarası Barkod Tarih Son Görülme İtibaren Geçerli Fiyatlar Koha Öğesi Türü
CHP Kütüphanesi CHP Kütüphanesi 08/14/2016 Bağış   335.5 N38 1999 001222 08/14/2016 08/14/2016 Books